000 00869nas a2200289 4500
001 BR0904358
003 BR-BrBNA
005 20231205113532.0
007 ta
008 230509b bl.|||p| |||| 00| 00por d
040 _aBR-BrBNA
_bpor
_cBiblioteca Nacional de Agricultura
041 _a(En)
072 _aK10; F50
100 1 _aLima e Silva, P.S.
100 1 _aBarbosa e Silva, K.M.
100 1 _aLôbo, R.N.B.
100 1 _aBarbosa e Silva, P.I.
245 1 _aGrowth of seven perennial plant species adapted to the Brazilian Semi-árid
650 _aCAATINGA
650 _aCAULE
650 _aSEMENTE
650 _aCRESCIMENTO
650 _aMIMOSA CAESALPINIAEFOLIA
773 0 _tActa Botânica Brasilica (Brazil)
_xISSN 0102-3306
_g(Oct-Dec 2007), v. 21(4) p. 935-941
_wBR0904358
909 _a202311
_bLúcia
_c55
_dLúcia Elande
942 _2AGRIS
_n0
_cANA
999 _c204298
_d204298